Εξελικτική ψυχοπαθολογία : μια αναπτυξιακή προσέγγιση
Saved in:
| Main Author: | |
|---|---|
| Format: | Book |
| Language: | Greek English |
| Published: |
Αθήνα :
Gutenberg,
2011.
|
| Subjects: | |
| Tags: |
Add Tag
No Tags, Be the first to tag this record!
|
MARC
| LEADER | 00000cam a2200000 i 4500 | ||
|---|---|---|---|
| 001 | 1/44965 | ||
| 008 | 140331s2011####gr | ||| |||| | gre|| | ||
| 020 | |a 9789600114157 | ||
| 035 | |l 10117220 | ||
| 040 | |a GR-MyUa |b gre |e AACR2 | ||
| 041 | 1 | |a gre |h eng | |
| 082 | 7 | |a 155 |2 (23) | |
| 082 | 7 | |a 618.9289 |2 (23) | |
| 100 | 1 | |a Wilmshurst, Linda. | |
| 245 | 1 | 0 | |a Εξελικτική ψυχοπαθολογία : |b μια αναπτυξιακή προσέγγιση / |c Linda Wilmshurst ; επιμέλεια Ηλίας Γ. Μπεζεβέγκης ; μετάφραση Μαργαρίτα Κουλεντιανού. |
| 260 | |a Αθήνα : |b Gutenberg, |c 2011. | ||
| 300 | |a 631 σ. : |b πίν. ; |c 27 εκ. | ||
| 504 | |a Βιβλιογραφία: σ. [579]-613. Ευρετήριο. | ||
| 500 | |a Μετάφραση του: Abnormal child psychology. | ||
| 650 | 0 | |a Child psychopathology. | |
| 650 | 0 | 0 | |a Child psychology. |
| 650 | 0 | 0 | |a Developmental psychology. |
| 650 | 0 | 0 | |a Psychology, Pathological. |
| 852 | |a INST |b LESVOS |c EUDOXUS |e 20170425 |h 155 WIL |p 005100059072 |q 005100059072 |t EDX |y 0 | ||
| 852 | |a INST |b LESVOS |c EUDOXUS |e 20170504 |h 155 WIL |p 005100059111 |q 005100059111 |t EDX |y 0 | ||
| 852 | |a INST |b RHODES |c EUDOXUS |e 20140331 |h 155 WIL |p 005400036336 |q 005400036336 |t EDX |y 0 | ||
| 852 | |a INST |b RHODES |c EUDOXUS |e 20140401 |h 155 WIL |p 005400036339 |q 005400036339 |t EDX |y 0 | ||
| 852 | |a INST |b RHODES |c EUDOXUS |e 20150320 |h 155 WIL |p 005400037661 |q 005400037661 |t EDX |y 0 | ||
| 852 | |a INST |b SYROS |c EUDOXUS |e 20180507 |h 618.9289 WIL |p 005500013365 |q 005500013365 |t EDX |y 4 |x 20180524 | ||
| 901 | |a BIBL4-2014-1 | ||
| 901 | |a BIBL4-2015-1 | ||
| 920 | |a Εύδοξος |b Επιστροφή |y Ρόδος |z 2014-03 | ||
| 920 | |a Εύδοξος |b Επιστροφή |y Ρόδος |z 2014-04 | ||
| 920 | |a Εύδοξος |b Επιστροφή |y Ρόδος |z 2015-03 | ||
| 920 | |a Εύδοξος |b Επιστροφή Ρόδος |y Λέσβος |z 2017-03 | ||
| 920 | |a Εύδοξος |b Παραγγελία |y Σύρος-ΤΜΣΠΣ |z 2018-05 | ||
| 970 | |z 2014/03/31 | ||